000 00749nam a2200193Ia 4500
008 151121s9999||||xx |||||||||||||| ||und||
082 _a920/वैद्य
082 _bHNW-64692
100 _aवैद्य कमल
245 _aश्रीप्रज्ञानानंद सरस्वती
260 _b"श्री राम चरित मानस प्रेमी मंडळ, डोंबिवली।"
260 _c--
300 _a100
600 _aवैद्य कमल
630 _aश्रीप्रज्ञानानंद सरस्वती
700 _aवैद्य कमल
730 _aश्रीप्रज्ञानानंद सरस्वती
942 _cBOOK
999 _c1246218
_d1246215